| 000 | 00773nam a2200277Ia 4500 | ||
|---|---|---|---|
| 999 |
_c200427100 _d45024 |
||
| 003 | OCoLC | ||
| 005 | 20190322123610.0 | ||
| 008 | 070424s2005 tu 000 1 tur | ||
| 020 | _a9753482027 | ||
| 040 |
_aGAZIU _beng _cTR-AnTOB _dTR-AnTOB _erda |
||
| 041 | _atur | ||
| 050 | 0 | _aPL248 | |
| 090 |
_aPL248.P39 _bB37 2005 |
||
| 100 | 1 |
_aPerker, Aslı E. _eauthor |
|
| 245 | 1 | 0 |
_aBaşkalarının kokusu / _cby Aslı E. Perker. |
| 250 | _a1st edition. | ||
| 264 |
_aİstanbul : _bÇınar Yayınları, _c2005. |
||
| 300 |
_a263 pages ; _c20 cm |
||
| 336 |
_atext _2rdacontent |
||
| 337 |
_aunmediated _2rdamedia |
||
| 338 |
_avolume _2rdacarrier |
||
| 650 | 0 | _aÖyküler, Türk. | |
| 650 | 0 | _aShort stories, Turkish. | |
| 942 |
_2lcc _cBK |
||